000 00756nam a2200229 a 4500
001 000024862
005 20200930023420.0
008 110207s1974 sp r 000 0 spa d
020 _a8428102619
040 _aDO-SdBNP
_bspa
_cBNPHU
082 _axxxxx
_bS798r
100 1 _aStauffer, Richard
_951026
245 1 3 _aLa reforma (1517-1564) /
_cRichard Stauffer ; traducción Alexandre Ferrer.
260 _aBarcelona :
_bOikod-tau,
_c1974.
300 _a122 p. ;
_c17.5 cm.
490 1 _a¿Qué sé? :
_v105
504 _aIncluye referencias bibliográficas y notas al pie de las páginas.
534 _tLa réforme.
_cUniversitaires de France 1974.
700 1 _aFerrer, Alexandre,
_etr.
_950024
830 0 _a¿Qué sé? :
_n105
_951027
049 _aBNGR
999 _c24355
_d24355